Highest-Scoring Jetpunk Quiz #10 in Half The Time - Statistics

General Stats
  • This quiz has been taken 41 times
  • The average score is 9 of 10
Answer Stats
GDP country % Correct
2823 bil France
100%
4150 bil Germany
100%
1769 bil Spain
100%
2880 bil United Kingdom
100%
2307 bil Italy
97%
523 bil Sweden
90%
3080 bil Russia
87%
907 bil Netherlands
81%
1114 bil Poland
77%
529 bil Belgium
71%
No matching quizzes found
Score Distribution
Percent of People with Each Score
Percentile by Number Answered
Your Score History
You have not taken this quiz